UITU Library & LRC     

Virtual Dressing room (Record no. 32794)

MARC details
000 -LEADER
fixed length control field 00467nam a2200133Ia 4500
008 - FIXED-LENGTH DATA ELEMENTS--GENERAL INFORMATION
fixed length control field 260210s9999 xx 000 0 und d
024 ## - OTHER STANDARD IDENTIFIER
Standard number or code 18B-017-CE, 18B-038-CE, 18B-050-CE & 18B-062-CE
082 ## - DEWEY DECIMAL CLASSIFICATION NUMBER
Classification number 621.5027 RAS
100 ## - MAIN ENTRY--PERSONAL NAME
Personal name Zai Raheed Ahmed Syed Ali, Raza Mehdi, Hafiz Muhammad Owais & Masooma Batool
245 #0 - TITLE STATEMENT
Title Virtual Dressing room
260 ## - PUBLICATION, DISTRIBUTION, ETC.
Place of publication, distribution, etc. Karachi:
Name of publisher, distributor, etc. UITU,
Date of publication, distribution, etc. 2018
600 ## - SUBJECT ADDED ENTRY--PERSONAL NAME
Personal name Computer System Engineering
650 ## - SUBJECT ADDED ENTRY--TOPICAL TERM
Topical term or geographic name entry element Bachelor of Engineering (BE)

No items available.

Powered by Koha